al wafd wanal wahdah al wataniyah

محفوظ في:

المؤلف الرئيسي: Mikh il Ramzi

التنسيق: كتاب

اللغة: Undetermined

منشور في: AL Qahirah 1995

الموضوعات:

الوسوم: إضافة وسم

لا توجد وسوم, كن أول من يضع وسما على هذه التسجيلة!

رقم الطلب: JQ3898.W3M5

LEADER 00500nam a2200157Ia 4500
008 230909s9999||||xx |||||||||||||| ||und||
050 4 |a JQ3898.W3M5  
100 1 |a Mikh il Ramzi  
245 1 0 |a al wafd wanal wahdah al wataniyah  
264 1 |a AL Qahirah   |c 1995 
300 |a 200 P  |c 20CM 
650 4 |a polical parties  
650 4 |a wafd al misri  
942 |2 lcc  |c BK 
952 |0 0  |1 0  |2 lcc  |4 0  |6 JQ3898 W3 M5  |7 1  |9 49958  |a ARCE  |b ARCE  |d 2023-09-09  |l 0  |o JQ3898.W3M5   |r 2023-09-09 00:00:00  |w 2023-09-09  |y BK 
999 |c 54581  |d 54581